Halo vehicles - Statistics

General Stats
  • This quiz has been taken 283 times
    281 since last reset
  • The average score is 15 of 32
Answer Stats
Hint Answer % Correct
UNSC 3-5 Seater Most Famous Vehicle Warthog
96%
UNSC Main Tank Scorpion
95%
UNSC Scout Mongoose
80%
Covenant Scout Ghost
78%
UNSC Transport Pelican
75%
Covenant Main Tank Wraith
73%
Covenant Main air unit Banshee
72%
UNSC First drivable UNSC aircraft Hornet
72%
UNSC Replacement for the one below in Reach Falcon
64%
Covenant Dropship/Groundside support Phantom
60%
Covenant Brute scout Chopper
57%
UNSC Mini Base Elephant
53%
Covenant Mini-wraith Revenant
50%
Covenant Uber Unit Scarab
49%
UNSC Starfighter Sabre
44%
Covenant Dropship Spirit
44%
UNSC Super unit to the one above Grizzly
43%
Covenant Starfighter Seraph
43%
Covenant Brute 4 Seater recon unit Prowler
39%
Covenant Specialised version of the one above Anti-air Wraith
37%
Covenant 4 Seater recon unit Spectre
37%
Covenant Anti-building Locust
31%
UNSC Uber Unit Vulture
31%
UNSC Anti-air Wolverine
31%
UNSC Prototype Tank stocked by the Pillar of Autumn Rhino
26%
UNSC Anti-vehicle Cobra
25%
UNSC Vehicles/Building repairs Cyclops
25%
UNSC Super unit to the one above Hawk
24%
Covenant Anti-air (flying) Vampire
24%
UNSC EMP Gremlin
21%
Covenant Groundside transport Shadow
17%
UNSC Reach civilian vehicle Spade
10%
No matching quizzes found
Score Distribution
Percent of People with Each Score
Percentile by Number Answered
Your Score History
You have not taken this quiz since the last reset